Statistics for The Longest US Interstates

Click here to take the quiz!

General Stats

  • This quiz has been taken 14 times
  • The average score is 14 of 15

Answer Stats

HintAnswer% Correct
2,460 miInterstate 10
100%
1,539 miInterstate 20
100%
1,061 miInterstate 25
100%
2,566 miInterstate 40
100%
1,381 miInterstate 5
100%
2,172 miInterstate 70
100%
1,786 miInterstate 75
100%
2,899 miInterstate 80
100%
3,020 miInterstate 90
100%
1,919 miInterstate 95
100%
1,433 miInterstate 15
92%
964 miInterstate 55
92%
1,568 miInterstate 35
85%
1,585 miInterstate 94
69%
963 miInterstate 64
62%

Score Distribution

Percentile by Number Answered

Percent of People with Each Score

Your Score History

You have not taken this quiz